Fifa world cup 2022 standings - Statistics

General Stats
  • This quiz has been taken 130 times
  • The average score is 10 of 14
Answer Stats
Hint Answer % Correct
winner Argentina
100%
3rd place Croatia
96%
runner up France
96%
fourth place Morocco
89%
quarter finals Brazil/England/Netherlands/Portugal
85%
round of 16 United States/ Australia/ Poland/ Senegal/ Japan/ South Korea/ Spain/ Switzerland.
85%
group A Ecuador/ Qatar
70%
group B Iran/Wales
59%
group C Mexico/Saudi Arabia
59%
group F Belgium/Canada
56%
group G Cameroon/Serbia
56%
group E Germany/Costa rica
56%
group D Tunisia/Denmark
56%
group H Uruguay/Ghana
56%
No matching quizzes found
Score Distribution
Percent of People with Each Score
Percentile by Number Answered
Your Score History
You have not taken this quiz